Pozvanie do znalostnej spoločnosti
Salvato in:
| Autore principale: | |
|---|---|
| Natura: | Libro |
| Lingua: | slovacco |
| Pubblicazione: |
Bratislava
IURA EDITION
2007
|
| Serie: | Ekonómia
|
| Soggetti: | |
| Tags: |
Nessun Tag, puoi essere il primo ad aggiungerne!!
|
MARC
| LEADER | 00000nam$a2200000$$$4500 | ||
|---|---|---|---|
| 001 | 0064831 | ||
| 005 | 20240314093210.0 | ||
| 020 | |a 978-80-8078-149-1 | ||
| 041 | 0 | |a slo | |
| 044 | |a SK | ||
| 245 | 1 | 0 | |a Pozvanie do znalostnej spoločnosti |c Jozef Kelemen a kolektív |
| 264 | 1 | |a Bratislava |b IURA EDITION |c 2007 | |
| 300 | |a 265 s. | ||
| 490 | 1 | |a Ekonómia | |
| 830 | 0 | |a Ekonómia | |
| 610 | 2 | 0 | |a spoločnosť vedomostná |
| 610 | 2 | 0 | |a spoločnosť informačná |
| 610 | 2 | 0 | |a kybernetika |
| 610 | 2 | 0 | |a internet |
| 610 | 2 | 0 | |a veda |
| 610 | 2 | 0 | |a technika |
| 610 | 2 | 0 | |a systémy znalostné |
| 610 | 2 | 0 | |a počítače |
| 610 | 2 | 0 | |a dáta |
| 610 | 2 | 0 | |a modelovanie |
| 610 | 2 | 0 | |a učiaca sa organizácia |
| 610 | 2 | 0 | |a vzdelávanie celoživotné |
| 610 | 2 | 0 | |a technológie informačné |
| 610 | 2 | 0 | |a technológie komunikačné |
| 610 | 2 | 0 | |a Európa |
| 100 | 1 | |a Kelemen, Jozef | |